Historia del arte universal
Guardat en:
| Format: | Llibre |
|---|---|
| Idioma: | espanyol |
| Publicat: |
Bilbao
Moretón
1967
|
| Col·lecció: | Biblioteca de Divulgación Cultural
|
| Matèries: | |
| Etiquetes: |
Afegir etiqueta
Sense etiquetes, Sigues el primer a etiquetar aquest registre!
|
MARC
| LEADER | 00000cam a2200000 a 4500 | ||
|---|---|---|---|
| 001 | UCW9568 | ||
| 003 | CL-VaPUC | ||
| 008 | 890517e19670000SP |||||||||||||||||spa|d | ||
| 082 | 0 | 4 | |a 709 |b HIS |2 21 |
| 245 | 1 | 0 | |a Historia del arte universal |
| 300 | |a 20 v | ||
| 942 | |c BK | ||
| 945 | |d 19890517 00:00:00 | ||
| 260 | |a Bilbao |b Moretón |c 1967 | ||
| 500 | |a v.1: El arte prehistórico en Europa. El arte de los pueblos autóctonos de Africa. El arte de los pueblos de Oceanía. El arte de los antiguos pueblos de Indonesia y de Asia del Sudeste | ||
| 500 | |a v.2: El antiguo oriente | ||
| 500 | |a v.3: El arte egipcio | ||
| 500 | |a v.4: Culturas megalíticas | ||
| 500 | |a V.5: Grecia | ||
| 500 | |a v.6: El arte etrusco. El arte romano | ||
| 500 | |a v.7: Arte paleocristiano | ||
| 500 | |a v.8: Arte bizantino | ||
| 500 | |a v.9-10: La arquitectura medieval | ||
| 500 | |a v.11: La escultura medieval | ||
| 500 | |a v.12: Pintura medieval | ||
| 500 | |a v.13: Renacimiento, barroco y rococó | ||
| 500 | |a v.14: Renacimiento, barroco y rococó | ||
| 500 | |a v.16: Del clasicismo a la época moderna | ||
| 500 | |a v.17: Arte de Asia oriental | ||
| 500 | |a v.18: Arte americano. Precolombino y arte colonial | ||
| 500 | |a v.19: Cultura de la India y arte índico | ||
| 500 | |a v.20: Arte islámico | ||
| 650 | 0 | |a Arte oriental |9 314876 | |
| 650 | 0 | |a Historia del arte |9 314877 | |
| 583 | |a last modification |c 20190123 12:26:19 |k Rodrigo Vera | ||
| 490 | 0 | |a Biblioteca de Divulgación Cultural | |
| 999 | |c 221503 |d 221501 | ||
| 952 | |0 0 |1 0 |4 0 |6 709_000000000000000_HIS_1967 |7 0 |8 A |9 214875 |a BIBHIS |b BIBHIS |d 2019-11-15 |h v.9 |i 283474K |o 709 HIS 1967 |p 283474K |r 2024-01-30 |w 2019-11-15 |y BK |k HIS | ||
| 952 | |0 0 |1 0 |4 0 |6 709_000000000000000_HIS_1967 |7 0 |8 A |9 214876 |a BIBHIS |b BIBHIS |d 2019-11-15 |h v.5 |i 2869586 |o 709 HIS 1967 |p 2869586 |r 2024-01-30 |w 2019-11-15 |y BK |k HIS | ||
| 952 | |0 0 |1 0 |4 0 |6 709_000000000000000_HIS_1967 |7 0 |8 A |9 214877 |a BIBHIS |b BIBHIS |d 2019-11-15 |h v.14 |i 2834731 |o 709 HIS 1967 |p 2834731 |r 2024-01-30 |w 2019-11-15 |y BK |k HIS | ||
| 952 | |0 0 |1 0 |4 0 |6 709_000000000000000_HIS_1967 |7 0 |8 A |9 214878 |a BIBHIS |b BIBHIS |d 2019-11-15 |h v.4 |i 2834723 |o 709 HIS 1967 |p 2834723 |r 2024-01-30 |w 2019-11-15 |y BK |k HIS | ||
| 952 | |0 0 |1 0 |4 0 |6 709_000000000000000_HIS_1967 |7 0 |8 A |9 214879 |a BIBEDU |b BIBEDU |d 2019-11-15 |h v.4 |i 3159973 |o 709 HIS 1967 |p 3159973 |r 2019-11-15 |w 2019-11-15 |y BK |k LIT | ||
| 952 | |0 0 |1 0 |4 0 |6 709_000000000000000_HIS_1967 |7 0 |8 A |9 214880 |a BIBHIS |b BIBHIS |d 2019-11-15 |h v.17 |i 2834715 |o 709 HIS 1967 |p 2834715 |r 2024-01-30 |w 2019-11-15 |y BK |k HIS | ||
| 952 | |0 0 |1 0 |4 0 |6 709_000000000000000_HIS_1967 |7 0 |8 A |9 214881 |a BIBARQ |b BIBARQ |d 2019-11-15 |h v.17 |i 3251896 |l 1 |o 709 HIS 1967 |p 3251896 |r 2025-01-20 |s 2022-09-02 |w 2019-11-15 |y BK |k ARQ | ||
| 952 | |0 0 |1 0 |4 0 |6 709_000000000000000_HIS_1967 |7 0 |8 A |9 214882 |a BIBARQ |b BIBARQ |d 2019-11-15 |h v.18 |i 325187K |o 709 HIS 1967 |p 325187K |r 2025-01-20 |w 2019-11-15 |y BK |k ARQ | ||
| 952 | |0 0 |1 0 |4 0 |6 709_000000000000000_HIS_1967 |7 0 |8 A |9 214883 |a BIBARQ |b BIBARQ |d 2019-11-15 |h v.3 |i 3251888 |l 1 |m 1 |o 709 HIS 1967 |p 3251888 |r 2025-01-20 |s 2023-10-10 |w 2019-11-15 |y BK |k ARQ | ||
| 952 | |0 0 |1 0 |4 0 |6 709_000000000000000_HIS_1967 |7 0 |8 A |9 214884 |a BIBHIS |b BIBHIS |d 2019-11-15 |h v.1 |i 1363549 |o 709 HIS 1967 |p 1363549 |r 2024-01-30 |w 2019-11-15 |y BK |k HIS | ||
| 952 | |0 0 |1 0 |4 0 |6 709_000000000000000_HIS_1967 |7 0 |8 A |9 214885 |a BIBHIS |b BIBHIS |d 2019-11-15 |h v.2 |i 1363557 |o 709 HIS 1967 |p 1363557 |r 2024-01-30 |w 2019-11-15 |y BK |k HIS | ||
| 952 | |0 0 |1 0 |4 0 |6 709_000000000000000_HIS_1967 |7 0 |8 A |9 214886 |a BIBHIS |b BIBHIS |d 2019-11-15 |h v.5 |i 1363565 |o 709 HIS 1967 |p 1363565 |r 2024-01-30 |w 2019-11-15 |y BK |k HIS | ||
| 952 | |0 0 |1 0 |4 0 |6 709_000000000000000_HIS_1967 |7 0 |8 A |9 214887 |a BIBHIS |b BIBHIS |d 2019-11-15 |h v.6 |i 1363573 |o 709 HIS 1967 |p 1363573 |r 2024-01-30 |w 2019-11-15 |y BK |k HIS | ||
| 952 | |0 0 |1 0 |4 0 |6 709_000000000000000_HIS_1967 |7 0 |8 A |9 214888 |a BIBHIS |b BIBHIS |d 2019-11-15 |h v.7 |i 1363581 |o 709 HIS 1967 |p 1363581 |r 2024-01-30 |w 2019-11-15 |y BK |k HIS | ||
| 952 | |0 0 |1 0 |4 0 |6 709_000000000000000_HIS_1967 |7 0 |8 A |9 214889 |a BIBHIS |b BIBHIS |d 2019-11-15 |h v.8 |i 136359K |o 709 HIS 1967 |p 136359K |r 2024-01-30 |w 2019-11-15 |y BK |k HIS | ||
| 952 | |0 0 |1 0 |4 0 |6 709_000000000000000_HIS_1967 |7 0 |8 A |9 214890 |a BIBHIS |b BIBHIS |d 2019-11-15 |h v.10 |i 1363603 |o 709 HIS 1967 |p 1363603 |r 2024-01-30 |w 2019-11-15 |y BK |k HIS | ||
| 952 | |0 0 |1 0 |4 0 |6 709_000000000000000_HIS_1967 |7 0 |8 A |9 214891 |a BIBHIS |b BIBHIS |d 2019-11-15 |h v.12 |i 1363611 |o 709 HIS 1967 |p 1363611 |r 2024-01-30 |w 2019-11-15 |y BK |k HIS | ||
| 952 | |0 0 |1 0 |4 0 |6 709_000000000000000_HIS_1967 |7 0 |8 A |9 214892 |a BIBHIS |b BIBHIS |d 2019-11-15 |h v.20 |i 136362K |o 709 HIS 1967 |p 136362K |r 2024-01-30 |w 2019-11-15 |y BK |k HIS | ||
| 952 | |0 0 |1 0 |4 0 |6 709_000000000000000_HIS_1967 |7 0 |8 A |9 214893 |a BIBART |b BIBART |d 2019-11-15 |h v.4 |i 1204246 |o 709 HIS 1967 |p 1204246 |r 2019-11-15 |w 2019-11-15 |y BK |k ART | ||
| 952 | |0 0 |1 0 |4 0 |6 709_000000000000000_HIS_1967 |7 0 |8 A |9 214895 |a BIBART |b BIBART |d 2019-11-15 |h v.16 |i 1204262 |o 709 HIS 1967 |p 1204262 |r 2025-03-13 |w 2019-11-15 |y BK |k ART | ||
| 952 | |0 0 |1 0 |4 0 |6 709_000000000000000_HIS_1967 |7 0 |8 A |9 214896 |a BIBART |b BIBART |d 2019-11-15 |h v.20 |i 1204270 |o 709 HIS 1967 |p 1204270 |r 2025-03-13 |w 2019-11-15 |y BK |k ART | ||
| 952 | |0 0 |1 0 |3 erd |4 0 |6 709_000000000000000_HIS_1967 |7 0 |8 A |9 214897 |a BIBART |b BIBART |h v.3 |i 5003504 |o 709 HIS 1967 |p 5003504 |r 2025-03-13 |w 2019-11-15 |y BK |z Catalogado en:20140116 |k ART | ||
| 952 | |0 0 |1 0 |3 erd |4 0 |6 709_000000000000000_HIS_1967 |7 0 |8 A |9 214898 |a BIBART |b BIBART |h v.9 |i 5006333 |o 709 HIS 1967 |p 5006333 |r 2025-03-13 |w 2019-11-15 |y BK |z Catalogado en:20140116 |k ART | ||
| 952 | |0 0 |1 0 |3 erd |4 0 |6 709_000000000000000_HIS_1967 |7 0 |8 A |9 214899 |a BIBART |b BIBART |h v.10 |i 5006325 |o 709 HIS 1967 |p 5006325 |r 2025-03-13 |w 2019-11-15 |y BK |z Catalogado en:20140116 |k ART | ||
| 952 | |0 0 |1 0 |3 erd |4 0 |6 709_000000000000000_HIS_1967 |7 0 |8 A |9 214900 |a BIBART |b BIBART |h v.11 |i 5003407 |o 709 HIS 1967 |p 5003407 |r 2025-03-13 |w 2019-11-15 |y BK |z Catalogado en:20140116 |k ART | ||
| 952 | |0 0 |1 0 |3 erd |4 0 |6 709_000000000000000_HIS_1967 |7 0 |8 A |9 214901 |a BIBART |b BIBART |h v.12 |i 5006317 |o 709 HIS 1967 |p 5006317 |r 2025-03-13 |w 2019-11-15 |y BK |z Catalogado en:20140116 |k ART | ||
| 952 | |0 0 |1 0 |3 erd |4 0 |6 709_000000000000000_HIS_1967 |7 0 |8 A |9 214902 |a BIBART |b BIBART |h v.16 |i 5003393 |o 709 HIS 1967 |p 5003393 |r 2025-03-13 |w 2019-11-15 |y BK |z Catalogado en:20140116 |k ART | ||
| 952 | |0 0 |1 0 |3 erd |4 0 |6 709_000000000000000_HIS_1967 |7 0 |8 A |9 214903 |a BIBART |b BIBART |h v.17 |i 5003458 |l 2 |o 709 HIS 1967 |p 5003458 |r 2025-04-22 |s 2025-04-15 |w 2019-11-15 |y BK |z Catalogado en:20140116 |k ART | ||
| 952 | |0 0 |1 0 |3 erd |4 0 |6 709_000000000000000_HIS_1967 |7 0 |8 A |9 214904 |a BIBART |b BIBART |h v.18 |i 5003466 |o 709 HIS 1967 |p 5003466 |r 2025-03-13 |w 2019-11-15 |y BK |z Catalogado en:20140116 |k ART | ||
| 952 | |0 0 |1 0 |3 erd |4 0 |6 709_000000000000000_HIS_1967 |7 0 |8 A |9 214905 |a BIBART |b BIBART |h v.20 |i 5006341 |o 709 HIS 1967 |p 5006341 |r 2025-03-13 |w 2019-11-15 |y BK |z Catalogado en:20140116 |k ART | ||
| 952 | |0 0 |1 0 |3 erd |4 0 |6 709_000000000000000_HIS_1967 |7 0 |8 A |9 214906 |a BIBART |b BIBART |i 5056047 |l 1 |o 709 HIS 1967 |p 5056047 |r 2025-03-13 |s 2024-04-10 |w 2019-11-15 |y BK |z Catalogado en:20140605 |k ART | ||
| 952 | |0 0 |1 0 |3 erd |4 0 |6 709_000000000000000_HIS_1967 |7 0 |8 A |9 214908 |a BIBART |b BIBART |h v.19 |i 5056209 |o 709 HIS 1967 |p 5056209 |r 2025-03-13 |w 2019-11-15 |y BK |z Catalogado en:20140710 |k ART | ||
| 952 | |0 0 |1 0 |3 erd |4 0 |6 709_000000000000000_HIS_1967 |7 0 |8 A |9 214909 |a BIBHIS |b BIBHIS |h v.13 |i 5530830 |o 709 HIS 1967 |p 5530830 |r 2025-01-20 |w 2019-11-15 |y BK |z Catalogado en:20190125 |k HIS | ||
| 952 | |0 0 |1 0 |3 erd |4 0 |6 709_000000000000000_HIS_1967 |7 0 |8 A |9 214910 |a BIBHIS |b BIBHIS |h v.18 |i 5530849 |o 709 HIS 1967 |p 5530849 |r 2025-01-20 |w 2019-11-15 |y BK |z Catalogado en:20190125 |k HIS | ||